Five Most Suicidal Countries by Continent - Statistics

General Stats
  • This quiz has been taken 972 times
    944 since last reset
  • The average score is 15 of 30
Answer Stats
Hint Answer % Correct
12.1 United States
89%
19.5 Russia
83%
10.6 Australia
77%
16.8 Ukraine
72%
12.2 Chile
69%
9.6 New Zealand
69%
44.2 Guyana
66%
12.2 Bolivia
64%
28.9 South Korea
64%
18.3 Belarus
62%
9.2 Ecuador
62%
12.1 Uruguay
62%
11.4 Cuba
61%
7.3 Fiji
60%
21.1 India
60%
12.4 Papua New Guinea
55%
28.2 Lithuania
53%
13.6 El Salvador
47%
10.0 Nicaragua
47%
10.6 Solomon Islands
45%
19.1 Hungary
32%
24.9 Nepal
27%
13.0 Trinidad and Tobago
27%
19.5 Uganda
25%
23.8 Kazakhstan
22%
19.8 South Sudan
21%
24.9 Tanzania
21%
28.8 Sri Lanka
20%
23.1 Burundi
19%
27.4 Mozambique
19%
No matching quizzes found
Score Distribution
Percent of People with Each Score
Percentile by Number Answered
Your Score History
You have not taken this quiz since the last reset